00338nam a2200121Ia 4500008004000000082001700040100005000057245003200107250000500139260003200144300001200176650002800188210210b1975 xxu||||| |||| 00| 0 eng d a657.046 GOYP aGOYAL (Shiv Narain) and GUPTA (Shailender K). aPractical accounting. Ed 2. a aAgra.bSahitya Bhavanc1975 aiii,576 aPractical Accountancy